000 00596cam a2200145 4500500
005 20260208010658.0
041 _afre
042 _adc
100 1 0 _aVerdeau, Patricia
_eauthor
245 0 0 _aBernard Forthomme, Théologie des émotions structurée par l’expérience théâtrale, Paris, Les Éditions du Cerf, 2008, 240 P., 24 E.
260 _c2009.
500 _a1
786 0 _nRevue philosophique de la France et de l'étranger | 134 | 2 | 2009-05-22 | p. 237r-280r | 0035-3833
856 4 1 _uhttps://shs.cairn.info/revue-philosophique-2009-2-page-237r?lang=fr&redirect-ssocas=7080
999 _c1657653
_d1657653